Tous les Pokemon de type Feu (1G) - Statistiques

Statistiques générales
  • Ce quiz a été pris 38 fois
  • Le résultat moyen est 11 sur 12
Statistiques - réponses
Indices Réponses % Correct
Feu + Vol Dracaufeu
100%
Feu Salamèche
100%
Feu Magmar
97%
Feu Reptincel
97%
Feu Arcanin
92%
Feu Caninos
92%
Feu + Vol Sulfura
92%
Feu Feunard
86%
Feu Goupix
86%
Feu Galopa
81%
Feu Ponyta
81%
Feu Pyroli
64%
Aucun quiz correspondant
Distribution des résultats
% des personnes avec chaque résultat
Percentile par nombre de réponses
Votre historique - résultats
Vous n’avez pas pris ce quiz